000 00302nam a2200145Ia 4500
100 _aGranjon/ H.
942 _cBK
654 _aWelding
245 _aFund of Welding Metallurgy
260 _bJaico Pub
_aBombay
_c1994
082 _a671.52
_bGRA
300 _a210
546 _aENGLISH
999 _c17778
_d17778